[Event "Nezhmetdinov Memorial 32nd"]
[Site "Kazan"]
[Date "2010.06.08"]
[Round "9"]
[White "Sannikov, Grigory"]
[Black "Sokolov, Sergei"]
[Result "1-0"]
[WhiteElo "2059"]
[BlackElo "2349"]
[PlyCount "81"]
[EventDate "2010.05.31"]
[EventType "swiss"]
[EventRounds "9"]
[EventCountry "RUS"]
[SourceTitle "CBM 136 Extra"]
[Source "ChessBase"]
[SourceDate "2010.07.02"]
[SourceVersion "2"]
[SourceVersionDate "2010.07.15"]
[SourceQuality "1"]

1. e4 e5 2. Nf3 Nc6 3. Nc3 Nf6 4. d4 exd4 5. Nxd4 Bb4 6. Nxc6 bxc6 7. Bd3 d5 8. exd5 cxd5 9. 0-0 0-0 10. Bg5 c6 11. Qf3 h6 12. Bf4 Bd6 13. h3 Be6 14. Rfe1 Rb8 15. Bxd6 Qxd6 16. b3 Rfe8 17. Ne2 c5 18. Rad1 Qb6 19. c3 Qa5 20. Bb1 Ne4 21. Bxe4 dxe4 22. Qg3 Qxa2 23. Nf4 Bf5 24. Rd5 Bh7 25. Rd7 Qxb3 26. Nd5 Bg6 27. Qc7 e3 28. Rxe3 Rxe3 29. fxe3 Kh7 30. Kh2 Re8 31. Qxa7 Qc4 32. Rxf7 Qxd5 33. Rxg7+ Kh8 34. Rxg6 Qe5+ 35. Kh1 Re7 36. Qa8+ Re8 37. Qc6 Rd8 38. Rxh6+ Kg7 39. Qg6+ Kf8 40. Qf6+ Qxf6 41. Rxf6+ 1-0

[Event "Nezhmetdinov Memorial 32nd"]
[Site "Kazan"]
[Date "2010.06.07"]
[Round "8"]
[White "Sokolov, Sergei"]
[Black "Semenova, Elena"]
[Result "0-1"]
[WhiteElo "2349"]
[BlackElo "2162"]
[PlyCount "52"]
[EventDate "2010.05.31"]
[EventType "swiss"]
[EventRounds "9"]
[EventCountry "RUS"]
[SourceTitle "CBM 136 Extra"]
[Source "ChessBase"]
[SourceDate "2010.07.02"]
[SourceVersion "2"]
[SourceVersionDate "2010.07.15"]
[SourceQuality "1"]

1. e4 e5 2. Nf3 Nf6 3. d4 Nxe4 4. Bd3 d5 5. dxe5 Nc5 6. Be2 Be7 7. 0-0 Nc6 8. c3 Be6 9. Nbd2 a6 10. Nb3 Nd7 11. Nfd4 Ndxe5 12. f4 Nxd4 13. Nxd4 Nc6 14. Nxe6 fxe6 15. Bh5+ g6 16. f5 Bc5+ 17. Kh1 Qh4 18. fxg6 hxg6 19. Bxg6+ Kd7 20. Rf7+ Ne7 21. Bf4 Bd6 22. Rxe7+ Kxe7 23. Bxd6+ Kxd6 24. Qg1 Qg3 25. Bf7 Rh6 26. b4 Rah8 0-1

[Event "Nabereznye Chelny op 8th"]
[Site "Nabereznye Chelny"]
[Date "2010.01.27"]
[Round "9"]
[White "Maksimov, Sergei Alexandrovic"]
[Black "Sokolov, Sergei"]
[Result "0-1"]
[WhiteElo "2260"]
[BlackElo "2363"]
[PlyCount "30"]
[EventDate "2010.01.19"]
[EventType "swiss"]
[EventRounds "9"]
[EventCountry "RUS"]
[SourceTitle "CBM 134 Extra"]
[Source "ChessBase"]
[SourceDate "2010.03.03"]
[SourceVersion "1"]
[SourceVersionDate "2010.03.03"]
[SourceQuality "1"]

1. f4 d5 2. Nf3 g6 3. g3 Bg7 4. Bg2 Nf6 5. 0-0 0-0 6. d3 c5 7. e3 Nc6 8. Nbd2 Re8 9. Ne5 Nxe5 10. fxe5 Ng4 11. Qf3 Be6 12. d4 cxd4 13. exd4 Qb6 14. Kh1 Qxd4 15. Nb3 Qb6 0-1

[Event "Nabereznye Chelny op 8th"]
[Site "Nabereznye Chelny"]
[Date "2010.01.23"]
[Round "5"]
[White "Prikhodko, Anton"]
[Black "Sokolov, Sergei"]
[Result "0-1"]
[WhiteElo "2074"]
[BlackElo "2363"]
[PlyCount "104"]
[EventDate "2010.01.19"]
[EventType "swiss"]
[EventRounds "9"]
[EventCountry "RUS"]
[SourceTitle "CBM 134 Extra"]
[Source "ChessBase"]
[SourceDate "2010.03.03"]
[SourceVersion "1"]
[SourceVersionDate "2010.03.03"]
[SourceQuality "1"]

1. e4 e5 2. Nf3 Nc6 3. Bb5 a6 4. Ba4 Nf6 5. 0-0 Be7 6. Re1 b5 7. Bb3 d6 8. h3 0-0 9. c3 Nb8 10. d4 Nbd7 11. Nbd2 Bb7 12. Bc2 Re8 13. Nf1 Bf8 14. Ng3 g6 15. Nh2 d5 16. dxe5 Nxe4 17. Nxe4 dxe4 18. Bxe4 Bxe4 19. Rxe4 Nxe5 20. Qxd8 Raxd8 21. Bg5 Nd3 22. Rh4 Be7 23. Bxe7 Rxe7 24. a4 Nxb2 25. axb5 axb5 26. Rb4 Rd1+ 27. Rxd1 Nxd1 28. Rxb5 Re1+ 29. Nf1 Nxc3 30. Rb8+ Kg7 31. f3 Rb1 32. Rxb1 Nxb1 33. Kf2 Kf6 34. Ke3 Ke6 35. Kd4 Kd6 36. Kc4 Na3+ 37. Kb4 Nc2+ 38. Kc3 Ne1 39. Ne3 Ke5 40. h4 h5 41. Kd2 Kd4 42. Ke2 Nd3 43. g4 Nf4+ 44. Kd2 c5 45. Nc2+ Ke5 46. Ke3 hxg4 47. Kf2 gxf3 48. Kxf3 Ne6 49. Ne1 Nd4+ 50. Kg4 c4 51. Kg5 Ke4 52. Kf6 Nf3 0-1

[Event "Nabereznye Chelny op 8th"]
[Site "Nabereznye Chelny"]
[Date "2010.01.20"]
[Round "2"]
[White "Sokolov, Sergei"]
[Black "Talipov, Nafis"]
[Result "1-0"]
[WhiteElo "2363"]
[BlackElo "2051"]
[PlyCount "51"]
[EventDate "2010.01.19"]
[EventType "swiss"]
[EventRounds "9"]
[EventCountry "RUS"]
[SourceTitle "CBM 134 Extra"]
[Source "ChessBase"]
[SourceDate "2010.03.03"]
[SourceVersion "1"]
[SourceVersionDate "2010.03.03"]
[SourceQuality "1"]

1. e4 c6 2. d4 d5 3. Nc3 dxe4 4. Nxe4 Nf6 5. Nxf6+ gxf6 6. c3 Bf5 7. Nf3 e6 8. g3 Bd6 9. Bg2 Nd7 10. Nh4 Bg6 11. 0-0 Qc7 12. Qf3 0-0-0 13. b4 f5 14. a4 Rhg8 15. b5 c5 16. a5 f4 17. b6 axb6 18. axb6 Qc6 19. Qe2 Qxb6 20. Nxg6 Rxg6 21. Bxf4 Bxf4 22. Rfb1 Qc7 23. Bxb7+ Qxb7 24. Rxb7 Kxb7 25. Qb5+ Kc8 26. Qc6+ 1-0

[Event "Peterhof op"]
[Site "Peterhof"]
[Date "2010.01.09"]
[Round "8"]
[White "Khan, Alexander"]
[Black "Sokolov, Sergei"]
[Result "1-0"]
[WhiteElo "2321"]
[BlackElo "2363"]
[PlyCount "97"]
[EventDate "2010.01.03"]
[EventType "swiss"]
[EventRounds "9"]
[EventCountry "RUS"]
[SourceTitle "CBM 134 Extra"]
[Source "ChessBase"]
[SourceDate "2010.03.03"]
[SourceVersion "1"]
[SourceVersionDate "2010.03.03"]
[SourceQuality "1"]

1. e4 e6 2. d4 d5 3. Nd2 c5 4. exd5 Qxd5 5. Ngf3 cxd4 6. Bc4 Qd8 7. Nb3 Nc6 8. 0-0 Nf6 9. Bg5 Be7 10. Nfxd4 Nxd4 11. Qxd4 0-0 12. Rad1 b6 13. Qf4 Qe8 14. Qf3 Bd7 15. Bd3 Bc6 16. Qe2 Nd5 17. Bxe7 Qxe7 18. Nd4 Bb7 19. Rfe1 Nf4 20. Qg4 Nxd3 21. Rxd3 Qf6 22. c3 Qg6 23. Qxg6 hxg6 24. Red1 Bd5 25. a3 Rfc8 26. b3 Be4 27. Re3 Bb7 28. f3 Kf8 29. Red3 Ke8 30. Nb5 Ba6 31. Nd6+ Kf8 32. Nxc8 Bxd3 33. Rxd3 Rxc8 34. c4 Ke7 35. Kf2 Rd8 36. Rxd8 Kxd8 37. Ke3 Kd7 38. b4 Kd6 39. a4 a5 40. c5+ Kc6 41. cxb6 axb4 42. a5 e5 43. Kd3 f5 44. Kc4 g5 45. Kxb4 g4 46. Kc4 g5 47. fxg4 f4 48. Kd3 Kd5 49. b7 1-0

[Event "Peterhof op"]
[Site "Peterhof"]
[Date "2010.01.05"]
[Round "4"]
[White "Stepanov, Evgeny"]
[Black "Sokolov, Sergei"]
[Result "1-0"]
[WhiteElo "1708"]
[BlackElo "2363"]
[PlyCount "105"]
[EventDate "2010.01.03"]
[EventType "swiss"]
[EventRounds "9"]
[EventCountry "RUS"]
[SourceTitle "CBM 134 Extra"]
[Source "ChessBase"]
[SourceDate "2010.03.03"]
[SourceVersion "1"]
[SourceVersionDate "2010.03.03"]
[SourceQuality "1"]

1. e4 e5 2. Nf3 Nf6 3. Nxe5 d6 4. Nf3 Nxe4 5. d4 d5 6. Bd3 Bg4 7. Qe2 f5 8. h3 Bh5 9. g4 fxg4 10. hxg4 Bxg4 11. Bxe4 dxe4 12. Qxe4+ Qe7 13. Ne5 Bd7 14. Qxb7 Bc6 15. Qc8+ Qd8 16. Qxd8+ Kxd8 17. Nxc6+ Nxc6 18. Bg5+ Kd7 19. c3 Rb8 20. b4 Ne7 21. a3 Nd5 22. c4 Nb6 23. c5 Nd5 24. Kd2 Nf6 25. Nc3 Rd8 26. Kd3 Ke6 27. Rae1+ Kf7 28. Nb5 Rc8 29. Kc4 a6 30. Na7 Re8 31. Nc6 Rxe1 32. Rxe1 Kg6 33. Bf4 h5 34. Bxc7 h4 35. Rh1 h3 36. Bg3 Ne4 37. d5 Nxg3 38. fxg3 Kf5 39. d6 Ke6 40. Re1+ Kd7 41. Ne5+ Kc8 42. d7+ Kc7 43. Nf7 Rh4+ 44. Kc3 Kxd7 45. Ne5+ Kc7 46. gxh4 Be7 47. Ng6 Bf6+ 48. Kc4 Bb2 49. a4 a5 50. b5 Kd7 51. Rh1 Ke6 52. Nf4+ Kf5 53. Nxh3 1-0

[Event "Nezhmetdinov Memorial 31st"]
[Site "Kazan"]
[Date "2009.06.08"]
[Round "9"]
[White "Sokolov, Sergei"]
[Black "Sadykov, Ramil"]
[Result "1/2-1/2"]
[WhiteElo "2355"]
[BlackElo "2168"]
[PlyCount "40"]
[EventDate "2009.05.31"]
[EventType "swiss"]
[EventRounds "9"]
[EventCountry "RUS"]
[SourceTitle "CBM 130 Extra"]
[Source "ChessBase"]
[SourceDate "2009.07.02"]
[SourceVersion "2"]
[SourceVersionDate "2009.07.15"]
[SourceQuality "1"]

1. e4 e6 2. d4 d5 3. e5 c5 4. c3 Qb6 5. Nf3 Nc6 6. Be2 cxd4 7. cxd4 Nge7 8. Nc3 Nf5 9. Na4 Qa5+ 10. Bd2 Bb4 11. Bc3 Bxc3+ 12. Nxc3 Qb6 13. Bb5 Bd7 14. Bxc6 Bxc6 15. Qd2 Bb5 16. Nxb5 Qxb5 17. Qe2 Qb4+ 18. Qd2 Qb5 19. Qe2 Qb4+ 20. Qd2 Qb5 1/2-1/2

[Event "Nezhmetdinov Memorial 30th"]
[Site "Kazan"]
[Date "2008.06.07"]
[Round "7"]
[White "Sokolov, Sergei"]
[Black "Kharlov, Andrei"]
[Result "0-1"]
[WhiteElo "2362"]
[BlackElo "2499"]
[PlyCount "66"]
[EventDate "2008.06.01"]
[EventType "swiss"]
[EventRounds "9"]
[EventCountry "RUS"]
[SourceTitle "EXT 2009"]
[Source "ChessBase"]
[SourceDate "2008.11.26"]
[SourceVersion "1"]
[SourceVersionDate "2008.11.26"]
[SourceQuality "1"]

1. e4 c5 2. c3 Nf6 3. e5 Nd5 4. d4 cxd4 5. Qxd4 e6 6. Nf3 Nc6 7. Qe4 f5 8. Qe2 d6 9. g3 Qc7 10. exd6 Bxd6 11. Bg2 0-0 12. 0-0 Nb6 13. Nbd2 e5 14. Nc4 e4 15. Nfd2 Be6 16. Nxd6 Qxd6 17. f3 exf3 18. Nxf3 Bc4 19. Rd1 Bxe2 20. Rxd6 Nc4 21. Re6 Rae8 22. Ng5 h6 23. Bd5 Kh8 24. Nf7+ Kh7 25. Rxe2 Rxe2 26. Bxc4 Re7 27. Nd6 Re1+ 28. Kf2 Rd1 29. Nb5 a6 30. Nd4 Nxd4 31. cxd4 Rc8 32. Be6 Rc2+ 33. Kf3 Kg6 0-1

[Event "Nezhmetdinov Memorial 30th"]
[Site "Kazan"]
[Date "2008.06.06"]
[Round "6"]
[White "Shurunov, Arseny"]
[Black "Sokolov, Sergei"]
[Result "0-1"]
[WhiteElo "2130"]
[BlackElo "2362"]
[PlyCount "104"]
[EventDate "2008.06.01"]
[EventType "swiss"]
[EventRounds "9"]
[EventCountry "RUS"]
[SourceTitle "EXT 2009"]
[Source "ChessBase"]
[SourceDate "2008.11.26"]
[SourceVersion "1"]
[SourceVersionDate "2008.11.26"]
[SourceQuality "1"]

1. e4 c5 2. Nf3 d6 3. d4 Nf6 4. Nc3 cxd4 5. Nxd4 Nc6 6. Bg5 Bd7 7. Qd2 Rc8 8. 0-0-0 Nxd4 9. Qxd4 Qa5 10. Bd2 Qc5 11. Qxc5 dxc5 12. f3 e6 13. Bc4 a6 14. a4 Bc6 15. Bg5 Be7 16. Rhe1 0-0 17. f4 h6 18. Bh4 Rfd8 19. f5 exf5 20. exf5 Rxd1+ 21. Nxd1 Kf8 22. Ne3 Bxa4 23. Ng4 Bc6 24. Ne5 Be8 25. c3 b5 26. Be2 Nd5 27. Bxe7+ Nxe7 28. g4 Nc6 29. Nd3 c4 30. Nf4 Na5 31. h4 Nb3+ 32. Kb1 Bc6 33. Bd1 Re8 34. Rg1 Re4 35. Bxb3 Rxf4 36. Bc2 a5 37. Kc1 b4 38. cxb4 axb4 39. Bd1 Ke7 40. Re1+ Kd6 41. Re3 Re4 42. Rh3 Ke5 43. Kd2 Kd4 44. Be2 Rf4 45. Rg3 Rf2 46. Ke1 Rg2 47. Rh3 Rg1+ 48. Kd2 Rh1 49. Re3 Rh2 50. Re7 Bf3 51. Rd7+ Ke4 52. Re7+ Kf4 0-1

[Event "Nezhmetdinov Memorial 30th"]
[Site "Kazan"]
[Date "2008.06.02"]
[Round "2"]
[White "Kalegin, Evgenij"]
[Black "Sokolov, Sergei"]
[Result "1-0"]
[WhiteElo "2510"]
[BlackElo "2362"]
[PlyCount "85"]
[EventDate "2008.06.01"]
[EventType "swiss"]
[EventRounds "9"]
[EventCountry "RUS"]
[SourceTitle "EXT 2009"]
[Source "ChessBase"]
[SourceDate "2008.11.26"]
[SourceVersion "1"]
[SourceVersionDate "2008.11.26"]
[SourceQuality "1"]

1. e4 c5 2. Nf3 Nc6 3. Bb5 g6 4. Bxc6 dxc6 5. d3 Bg7 6. h3 Nf6 7. Nc3 Nd7 8. Be3 e5 9. Qd2 h6 10. 0-0 Qe7 11. Nh2 Nf8 12. f4 exf4 13. Bxf4 Ne6 14. Bg3 Nd4 15. Rae1 0-0 16. e5 Bf5 17. Ne4 Bxe4 18. Rxe4 h5 19. Bh4 Qc7 20. Bf6 Kh7 21. g4 Bh6 22. Qf2 Rg8 23. e6 Nxe6 24. Be5 Qd7 25. Qxf7+ Qxf7 26. Rxf7+ Bg7 27. Rxb7 Ng5 28. Re3 Kh8 29. Rxg7 Rxg7 30. Bf6 Nf7 31. Re7 Kg8 32. Bxg7 Kxg7 33. Nf3 Kf8 34. Re6 c4 35. Rxc6 cxd3 36. cxd3 hxg4 37. hxg4 Rb8 38. b3 Rb4 39. d4 a5 40. Kf2 a4 41. Rc4 Rxc4 42. bxc4 Nd6 43. Nd2 1-0

[Event "Kazan Region-ch 6th"]
[Site "Kazan"]
[Date "2008.01.27"]
[Round "5"]
[White "Lushenkov, Mikhail M"]
[Black "Sokolov, Sergei"]
[Result "1/2-1/2"]
[WhiteElo "2458"]
[BlackElo "2356"]
[PlyCount "100"]
[EventDate "2008.01.23"]
[EventType "swiss"]
[EventRounds "9"]
[EventCountry "RUS"]
[SourceTitle "CBM 122 Extra"]
[Source "ChessBase"]
[SourceDate "2008.03.04"]
[SourceVersion "1"]
[SourceVersionDate "2008.03.04"]
[SourceQuality "1"]

1. Nf3 c5 2. c4 Nc6 3. d4 cxd4 4. Nxd4 Nf6 5. g3 g6 6. Bg2 Bg7 7. 0-0 Nxd4 8. Qxd4 d6 9. Nc3 0-0 10. Qh4 Qa5 11. Bd2 Be6 12. Rfd1 Qh5 13. Qxh5 Nxh5 14. b3 Rab8 15. Rac1 Nf6 16. Be3 a6 17. Ba7 Ra8 18. Bd4 Rab8 19. Ba7 Ra8 20. Bb6 Nd7 21. Be3 Rab8 22. Nd5 Bxd5 23. Bxd5 a5 24. Bg2 Nc5 25. Bxc5 dxc5 26. Rd7 e6 27. Bxb7 Rfd8 28. Rcd1 Bd4 29. Rxd8+ Rxd8 30. Kg2 Bf6 31. Rxd8+ Bxd8 32. Kf3 Bf6 33. Ke4 Kg7 34. f4 Bb2 35. Bc8 h5 36. h3 Kf6 37. g4 hxg4 38. hxg4 Ke7 39. g5 Bc1 40. e3 Kd6 41. Kf3 Ke7 42. Bb7 Kf8 43. Ke4 Ke7 44. Kf3 Kf8 45. Be4 Ke7 46. Bc2 Kf8 47. Ke4 Ke7 48. Kd3 Kd6 49. Ke4 Ke7 50. a4 Kd6 1/2-1/2

[Event "Kazan Region-ch 6th"]
[Site "Kazan"]
[Date "2008.01.23"]
[Round "1"]
[White "Sokolov, Sergei"]
[Black "Jusupov, Tabris"]
[Result "1-0"]
[WhiteElo "2356"]
[BlackElo "2094"]
[PlyCount "77"]
[EventDate "2008.01.23"]
[EventType "swiss"]
[EventRounds "9"]
[EventCountry "RUS"]
[SourceTitle "CBM 122 Extra"]
[Source "ChessBase"]
[SourceDate "2008.03.04"]
[SourceVersion "1"]
[SourceVersionDate "2008.03.04"]
[SourceQuality "1"]

1. e4 c6 2. d4 d5 3. Nc3 dxe4 4. Nxe4 Nf6 5. Nxf6+ exf6 6. Bc4 Be6 7. Qe2 Qe7 8. Bxe6 Qxe6 9. Bf4 Bb4+ 10. c3 Qxe2+ 11. Nxe2 Be7 12. 0-0-0 Nd7 13. Rhe1 0-0 14. Ng3 Rfe8 15. Nf5 Bf8 16. Nd6 Bxd6 17. Bxd6 Re6 18. Bg3 Rae8 19. Kd2 Rxe1 20. Rxe1 Rxe1 21. Kxe1 Kf8 22. Ke2 Ke7 23. Kd3 Ke6 24. c4 f5 25. a4 a6 26. b3 g5 27. Bc7 f4 28. Bd8 Kf5 29. f3 g4 30. Bc7 gxf3 31. gxf3 Nf6 32. Be5 Nd7 33. Bd6 Nf6 34. Bc7 Nd7 35. d5 Nc5+ 36. Kc3 cxd5 37. cxd5 Nd7 38. Kd4 f6 39. a5 1-0